000 01116nas a2200325 4500
001 BR8602033
003 BR-BrBNA
005 20231205090433.0
007 ta
008 230509b bl.|||p| |||| 00| 00por d
040 _aBR-BrBNA
_bpor
_cBiblioteca Nacional de Agricultura
041 _a(Pt)
072 _aF04; F30
100 1 _aReis, E.L.
100 1 _aCabala-Rosand, P.
100 1 _aSantana, C.J.L. de (Comissao Executiva do Plano da Lavoura Cacaueira, Ilheus, BA (Brazil))
245 1 _aRespostas do clone Fx 3864 de seringueira a doses de fertilizantes no sul da Bahia [Hevea brasiliensis, nitrogenio, fosforo, potassio]
246 1 _aResponse of the rubber clone Fx 3864 to fertilizers in southern Bahia, Brazil
650 _aSERINGUEIRA
650 _aNITROGENIO
650 _aFOSFORO
650 _aPOTASSIO
650 _aCLONE
650 _aADUBACAO
650 _aBAHIA
773 0 _tRevista Theobroma (Brazil)
_xISSN 0370-7962
_g(Jan-Mar 1985), v. 15(1) p. 19-26
_wBR8602033
856 4 0 _dLink DSPACE/MAPA BR8602033
909 _a202311
_bLúcia
_c55
_dLúcia Elande
942 _2AGRIS
_n0
_cANA
999 _c118405
_d118405